000 00410nam a22001577a 4500
003 OSt
005 20210811112728.0
008 210811b |||||||| |||| 00| 0 eng d
020 _a9788170357117
040 _cHu
082 _a307.76,URB
245 _aUrbansation,land use,land degradation and environment
260 _aIndia
_bDaya publishing house
_c2011
300 _aviii,445p,26cm
_bill
942 _2ddc
_cBOOKS
_n0
999 _c14
_d14